00430nam a2200193Ia 4500003000900000008004100009040001300050040001300063041000900076100001900085245004300104250001100147260000800158260000900166300001100175300001200186490003100198490000700229IT-RoPAU120407s9999 xx 000 0 und d aIT-RoPAU cIT-RoPAU alat  aVincenzo Miano aIntroductio in Philosophiam et Logica. aTorino aSei c1965 a123 p. c21,5 cm aInstitutiones Philosophiae v11